MARC

LEADER 00000nam0a2200000 4500
001 310401
005 20231102002301.0
020 |a RU  |b 82-2434 
035 |a (RuTPU)RU\TPU\book\335750 
090 |a 310401 
100 |a 20151125d1981 km y0rusy5003 ca 
101 0 |a rus 
102 |a RU 
105 |a a z 001zy 
200 1 |a Принятие решений на основе прогнозирования в условиях АСУ  |f В. А. Лисичкин, Е. И. Голынкер 
210 |a Москва  |c Финансы и статистика  |d 1981 
215 |a 111 с.  |c ил. 
225 1 |a Методы оптимальных решений 
320 |a Библиогр.: с. 110 
606 1 |a Принятие решений, проектных  |x Математическая теория  |2 stltpush  |3 (RuTPU)RU\TPU\subj\51693  |9 70263 
610 1 |a АСУ 
610 1 |a прогнозирование 
610 1 |a генерация 
610 1 |a эвристические методы 
610 1 |a организационные системы 
610 1 |a управленческие решения 
610 1 |a производственные организации 
610 1 |a нефтегазовое строительство 
675 |a 658.512.2.011.56  |v 3 
700 1 |a Лисичкин  |b В. А.  |g Владимир Александрович 
701 1 |a Голынкер  |b Е. И.  |g Евгений Исаакович 
801 0 |a RU  |b RuMRKP  |c 19950704  |g psbo 
801 1 |a RU  |b 63413507  |c 20151125 
801 2 |a RU  |b 63413507  |c 20190923  |g RCR 
942 |c BK